| 000 | 01468cam a22002294a 4500 | ||
|---|---|---|---|
| 020 | _a9780470520994 (hardback) | ||
| 082 | 0 | 0 | _a621.384131 |
| 100 | 1 |
_aGrebennikov, Andrei, _d1956- |
|
| 245 | 1 | 0 |
_aRF and microwave transmitter design _cAndrei Grebennikov. |
| 260 |
_aNew Jersey : _bWiley, _cc2011. |
||
| 300 |
_axvi, 816 p. : _bill. ; _c26 cm. |
||
| 504 | _aIncludes bibliographical references and index. | ||
| 650 | 0 |
_aRadio _990102 |
|
| 650 | 0 |
_aMicrowave circuits. _990103 |
|
| 650 | 0 |
_aMicrowave transmission lines. _990104 |
|
| 942 |
_2ddc _cBK |
||
| 999 |
_c588296 _d588296 |
||